ARRUPE JESUIT UNIVERSITY

CORONAVIRUS -STOP THE SPREAD - CLEAN,DISINFECT,COVER
Normal view MARC view

Entry Personal Name

Number of records used in: 1

001 - CONTROL NUMBER

  • control field: 23933

003 - CONTROL NUMBER IDENTIFIER

  • control field: ARRUPE

005 - DATE AND TIME OF LATEST TRANSACTION

  • control field: 20160415124505.0

008 - FIXED-LENGTH DATA ELEMENTS

  • fixed length control field: 160415|| aca||aabn | a|a d

040 ## - CATALOGING SOURCE

  • Original cataloging agency: ARRUPE
  • Transcribing agency: ARRUPE

100 ## - HEADING--PERSONAL NAME

  • Personal name: Gadamer, Hans-Georg,
  • Dates associated with a name: 1900-2002
  • General subdivision: Contributions in hermeneutics.

670 ## - SOURCE DATA FOUND

  • Source citation: Work cat.: (ARRUPE)0: Risser, James, 1946- 23932, Hermeneutics and the voice of the other :, c1997.

 

Arrupe Library. PO Box MP320 Mt Pleasant, Harare, Zimbabwe
263 242 745411|librarian@aju.ac.zw